Procesný prístup na podporu výkonnosti organizácií diplomová práca

Gespeichert in:
Bibliographische Detailangaben
1. Verfasser: Nochta, Dušan
Körperschaft: Fakulta podnikového manažmentu EU. Katedra manažmentu
Weitere Verfasser: Porvazník, Ján
Format: Buch
Sprache:Slowakisch
Veröffentlicht: Bratislava 2010
Tags: Tag hinzufügen
Keine Tags, Fügen Sie das erste Tag hinzu!

MARC

LEADER 00000nam a2200000 4500
001 0119870
005 20240318123254.6
041 0 |a slo 
044 |a SK 
245 1 0 |a Procesný prístup na podporu výkonnosti organizácií  |b diplomová práca  |c Dušan Nochta ; škol. Ján Porvazník 
264 1 |a Bratislava  |c 2010 
300 |a 77 s. 
100 1 |a Nochta, Dušan 
700 1 |a Porvazník, Ján 
710 2 |a Fakulta podnikového manažmentu EU. Katedra manažmentu